000
00284nam a2200109Ia 4500
008
200302s9999 xx 000 0 und d
100
_a
Ana Canizares, Julio Fajardo
245
_a
Kindergartens, School and Playgrounds
260
_b
Loft Publishing
260
_c
2007
300
_a
255 P.,
999
_c
3021
_d
3021